| 000 | 00557nam a2200181 i 4500 | ||
|---|---|---|---|
| 001 | 164216 | ||
| 003 | ES-MaACL | ||
| 005 | 20231229062534.0 | ||
| 008 | 170707m19571958sp |||| | spa d | ||
| 100 | 1 |
_aOrtega y Gasset, José, _d1883-1955 _987503 |
|
| 245 | 1 | 0 |
_aObras completas / _cJosé Ortega y Gasset. |
| 250 | _a4ª ed. | ||
| 260 |
_aMadrid : _bRevista de Occidente, _c1957-1958. |
||
| 300 |
_a2 v. (574 p. ; 748 p.) ; _c23 cm. |
||
| 505 | 1 | _a1. (1902-1916) - 2. El espectador (1916-1934) | |
| 852 |
_aES-MaACL _jP-254 |
||
| 999 |
_c164216 _d164216 |
||